| 000 | 00549nam a2200181Ia 4500 | ||
|---|---|---|---|
| 001 | 28613 | ||
| 008 | 140415s9999 xx 000 0 und d | ||
| 020 | _a969-407-249-2 | ||
| 040 | _cPK-LaUMT | ||
| 082 |
_a 320.954918309034 _bMUH-L |
||
| 100 | _aMuhammad Abuzar Wajidi | ||
| 245 |
_aLocal government in Pakistan _ba case study of K.M.C. (1842-1988) _cMuhammad Abuzar Wajidi |
||
| 260 |
_aKarachi,Pakistan: _bRoyal Book Company, _c2000 |
||
| 300 | _a312 p. | ||
| 546 | _aEN | ||
| 650 | _aKarachi-Politics and Government 20th century | ||
| 942 | _cBK | ||
| 999 |
_c28740 _d28740 |
||